| 000 | 01114cam a2200229 4500 | ||
|---|---|---|---|
| 001 | ABS65747 | ||
| 008 | 020806n2002 000 0 eng u | ||
| 035 | _a(Sirsi) u119221 | ||
| 100 | _aBrunt, D | ||
| 245 | _aVariation on a lease | ||
| 260 | _c2002 | ||
| 490 |
_aEstates Gazette _v228 13 July 2002, 123 (1) |
||
| 520 | _aExamines in the first of two articles the case for variation of forfeiture clauses in commercial leases. Looks at the types of lease which should be varied. Discusses when a landlord can forfeit the lease and the consequences of forfeiture; forfeiture proceedings by the landlord; the likelihood of forfeiture taking place without the mortgagee's knowledge. Key points are: a lender risks losing its security if it is unaware of forfeiture proceedings; tenant's mortgagee should be consider a variation of the forfeiture clause to protect its position. | ||
| 590 | _aABS | ||
| 650 | _aCOMMERCIAL LEASES | ||
| 650 | _aFORFEITURE CLAUSES | ||
| 650 | _aVARIATION | ||
| 650 | _aMORTGAGEES | ||
| 650 | _aFORFEITURE PROCEEDINGS | ||
| 690 | _aLANDLORD AND TENANT-LEASES | ||
| 942 | _n0 | ||
| 999 |
_c70906 _d70906 |
||